000 00645nam a2200229Ia 4500
003 OSt
005 20220923221704.0
006 a|||||r|||| 00| 0
007 ta
008 220922b |||||||| |||| 00| 0 hin d
024 _a199,321
037 _cTextual
040 _aARTS
_cARTS
_bhin
041 _2hin
_ahin
082 _aQ:33, 152J6
100 _aरधुनाथ सिंह
245 0 _aविश्व के धर्मप्रवर्त्तक
246 _aVishva ke dharmapravarttaka
260 _c1990
942 _hQ:33, 152J6
_cTEXL
_2CC
999 _c351096
_d351096